Excavaciones en el baptisterio del conjunto eclesiástico de Son Peretó (Manacor, Mallorca, islas Baleares)

محفوظ في:

المؤلف الرئيسي: Mateu Riera Rullan

التنسيق: كتاب

اللغة: Undetermined

الوصول للمادة أونلاين: Login to view Source

الوسوم: إضافة وسم

لا توجد وسوم, كن أول من يضع وسما على هذه التسجيلة!

رقم الطلب:

LEADER 00522nmm a2200133Ia 4500
008 240716s9999||||xx |||||||||||||||||und||
020 |a 9781803271781 
020 |a 9781803271798 
100 |a Mateu Riera Rullan 
245 1 0 |a Excavaciones en el baptisterio del conjunto eclesiástico de Son Peretó (Manacor, Mallorca, islas Baleares)  |c Mateu Riera Rullan 
264 |b Archaeopress Access Archaeology  |c 18-أغسطس-22 
856 4 0 |u http://library.arce.org:8087/Archaeopress/Products/9781803271781 
942 |2 lcc  |c EBOOK 
999 |c 59037  |d 59037